000 00240nam a22000857a 4500
008 160706b xxu||||| |||| 00| 0 eng d
100 _92335
_a Srikumar, A.K
245 _aRemembering: Our Leaders
260 _aNew Delhi
_b National Book Trust
_c1993
999 _c2012
_d2012